Song si liu cong zhu hui xuan : 10 juan /
Saved in:
| Other Authors: | , , |
|---|---|
| Format: | Book |
| Language: | Chinese |
| Published: |
[China] :
Chen Bi,
Ming Wanli [i.e. between 1573 and 1620]
|
| Series: | Harvard-Yenching Library Chinese Rare Books Digitization Project-Philosophy.
|
| Subjects: | |
| Tags: |
Add Tag
No Tags, Be the first to tag this record!
|
| LEADER | 01912cam a2200421Ki 4500 | ||
|---|---|---|---|
| 001 | 007779033-2 | ||
| 005 | 20160429135654.0 | ||
| 008 | 980430q15731620cc 000 0 chi d | ||
| 035 | 0 | |a ocn948838146 | |
| 035 | 0 | |a ocm39041374 | |
| 040 | |a YNH |c YNH |d HMY | ||
| 245 | 0 | 0 | |6 880-01 |a Song si liu cong zhu hui xuan : |b 10 juan / |c Wang Ming'ao, Huang Jinxi tong jiao xuan. |
| 260 | |6 880-02 |a [China] : |b Chen Bi, |c Ming Wanli [i.e. between 1573 and 1620] | ||
| 300 | |a 10 v. | ||
| 500 | |6 880-03 |a Shi shu xuan lu mu Song ye shi suo bian 46 cong zhu, kan xiao quan wen jin cun zhai ju. | ||
| 500 | |a Blockprint. | ||
| 500 | |a Double leaves, oriental style, in case. | ||
| 500 | |6 880-04 |a 10 hang 21 zi, si zhou shuang bian, bai kou, shuang yu wei, kuang gao 20.1 x13.7. | ||
| 510 | 3 | |6 880-05 |a Zhu lu: Zhongguo gu ji shan ben shu mu. | |
| 600 | 1 | 0 | |6 880-06 |a Ye, Shi, |d 1150-1223. |t Si liu cong zhu |x Abstracts. |
| 650 | 0 | |a Parallel prose |y Song dynasty, 960-1279. | |
| 700 | 1 | |6 880-07 |a Wang, Ming'ao, |d ju ren 1579. | |
| 700 | 1 | |6 880-08 |a Huang, Jinxi, |d ju ren 1585. | |
| 700 | 1 | |6 880-09 |a Chen, Bi. | |
| 740 | 0 | |6 880-10 |a Si liu cong zhu. | |
| 880 | 0 | 0 | |6 245-01 |a 宋四六叢珠彙選 : |b 10卷 / |c 王明[ao], 黄金璽仝校選. |
| 880 | |6 260-02 |a [China] : |b 陳壁, |c 明萬曆 [i.e. between 1573 and 1620] | ||
| 880 | |6 500-03 |a 是書選錄目宋葉適所編四六叢珠, 刋削全文僅存摘句. | ||
| 880 | |6 500-04 |a 十行二一字, 四周雙邊, 白口, 雙魚尾, 框高 20.1 x 13.7. | ||
| 880 | 3 | |6 510-05 |a 著錄: 中國古籍善本書目. | |
| 880 | 1 | 4 | |6 600-06 |a 葉適, |d 1150-1223. |t 四六叢珠 |x Abstracts. |
| 880 | 1 | |6 700-07 |a 王明[ao], |d ju ren 1579. | |
| 880 | 1 | |6 700-08 |a 黄金璽, |d ju ren 1585. | |
| 880 | 1 | |6 700-09 |a 陳壁. | |
| 880 | 0 | |6 740-10 |a 四六叢珠. | |
| 830 | 0 | |a Harvard-Yenching Library Chinese Rare Books Digitization Project-Philosophy. |5 net | |
| 988 | |a 20020608 | ||
| 906 | |0 MH | ||


